| 000 | 00620nam a2200229Ia 4500 | ||
|---|---|---|---|
| 003 | OSt | ||
| 005 | 20220912153237.0 | ||
| 006 | a|||||r|||| 00| 0 | ||
| 007 | ta | ||
| 008 | 220909b |||||||| |||| 00| 0 eng d | ||
| 024 | _a77 | ||
| 037 | _cTextual | ||
| 040 |
_aCSL _beng _cCSL |
||
| 041 | _aeng | ||
| 082 | _aY173Q2:3, J4;1 | ||
| 100 | _aPrabhu Pandhari-Nath | ||
| 245 | 0 | _aHindu social organization: A study in social psychological and Ideological foundations | |
| 260 | _c1954 | ||
| 300 |
_ap. _ccm. |
||
| 942 |
_hY173Q2:3, J4;1 _cTEXL _2CC |
||
| 999 |
_c99666 _d99666 |
||